| 000 | 00475pab a2200169 454500 | ||
|---|---|---|---|
| 008 | 180718b1995 xxu||||| |||| 00| 0 eng d | ||
| 100 | _aRatcliffe, Peter | ||
| 245 |
_aEqual opportunities and environmental health _bthe local authority response. |
||
| 260 | _c1995 | ||
| 300 | _ap.623-41 | ||
| 362 | _aWinter | ||
| 650 | _aEnvironmental health | ||
| 650 | _aEnvironment | ||
| 650 | _aEnvironmental planning policy | ||
| 773 | _aLocal Government Studies | ||
| 909 | _a30950 | ||
| 999 |
_c30950 _d30950 |
||